000 00537nam a2200193 i 4500
001 bg
100 1 _aJawetz, Ernest.
245 1 0 _aPrzegląd mikrobiologii lekarskiej /
_cE. Jawetz, J.L. Melnick, E.A. Adelberg.
260 _aWarszawa :
_bPaństwowe Zakłady Wydawnictw Lekarskich,
_c1991.
650 4 _aMikrobiologia lekarska
700 1 _aMelnick, Joseph L.
700 1 _aAdelberg, Edward A.
040 _cBPK
041 _apol
080 _a61
080 _a576.8
942 _cKS
008 s pl f |000 0 pol
999 _c29440
_d29440
856 _uhttp://koha.tu.koszalin.pl/cgi-bin/koha/opac-detail.pl?biblionumber=29440
_yKatalog online BPK